<?xml version="1.0" encoding="UTF-8"?><?xml-stylesheet type="text/xsl" href="static/style.xsl"?><OAI-PMH xmlns="http://www.openarchives.org/OAI/2.0/" xmlns:xsi="http://www.w3.org/2001/XMLSchema-instance" xsi:schemaLocation="http://www.openarchives.org/OAI/2.0/ http://www.openarchives.org/OAI/2.0/OAI-PMH.xsd"><responseDate>2026-06-01T21:34:41Z</responseDate><request verb="GetRecord" identifier="oai:riuma.uma.es:10630/6425" metadataPrefix="marc">https://riuma.uma.es/rest/oai/request</request><GetRecord><record><header><identifier>oai:riuma.uma.es:10630/6425</identifier><datestamp>2026-02-03T12:52:56Z</datestamp><setSpec>com_10630_5701</setSpec><setSpec>com_10630_3139</setSpec><setSpec>com_10630_10</setSpec><setSpec>col_10630_6408</setSpec></header><metadata><record xmlns="http://www.loc.gov/MARC21/slim" xmlns:dcterms="http://purl.org/dc/terms/" xmlns:doc="http://www.lyncode.com/xoai" xmlns:xsi="http://www.w3.org/2001/XMLSchema-instance" xsi:schemaLocation="http://www.loc.gov/MARC21/slim http://www.loc.gov/standards/marcxml/schema/MARC21slim.xsd">
   <leader>00925njm 22002777a 4500</leader>
   <datafield ind2=" " ind1=" " tag="042">
      <subfield code="a">dc</subfield>
   </datafield>
   <datafield ind2=" " ind1=" " tag="720">
      <subfield code="a">Mairal Jiménez, María del Carmen</subfield>
      <subfield code="e">author</subfield>
   </datafield>
   <datafield ind2=" " ind1=" " tag="260">
      <subfield code="c">2011</subfield>
   </datafield>
   <datafield ind2=" " ind1=" " tag="520">
      <subfield code="a">El contencioso entre la ciudad de Málaga y su contador por el disfrute de las vistas de las Casas Capitulares nos permite ilustrar algunas de las pautas de comportamiento seguidas por la élite local malagueña y de su dinámica de lucha por la consolidación de privilegios, un acercamiento a la cultura y mentalidad del Antiguo Régimen. El honor, entendido no solo como virtud individual sino también como patrimonio colectivo, era la más preciada prerrogativa de las clases dirigentes.</subfield>
   </datafield>
   <datafield ind2=" " ind1=" " tag="520">
      <subfield code="a">The dispute between the city of Malaga and its accountant for the enjoyment of the views from the Chapterhouses allows us to illustrate some of behaviour lines followed by the local Malaga’s elite and its dynamics struggle for the consolidation of privileges, one approach to culture and mentality of the Ancient Regime. The honour, understood not only as one individual virtue but also as collective heritage, was the most cherished prerogative of the ruling classes.</subfield>
   </datafield>
   <datafield ind1="8" ind2=" " tag="024">
      <subfield code="a">MAIRAL JIMÉNEZ, MARÍA DEL CARMEN "Un privilegio de los regidores malagueños : el reparto de los balcones de las casas capitulares" Baética, 33, 2011, 317-342</subfield>
   </datafield>
   <datafield ind1="8" ind2=" " tag="024">
      <subfield code="a">0210-9506</subfield>
   </datafield>
   <datafield ind1="8" ind2=" " tag="024">
      <subfield code="a">http://hdl.handle.net/10630/6425</subfield>
   </datafield>
   <datafield tag="653" ind2=" " ind1=" ">
      <subfield code="a">Privilegios e inmunidades - Málaga - S. XVIII</subfield>
   </datafield>
   <datafield ind2="0" ind1="0" tag="245">
      <subfield code="a">Un privilegio de los regidores malagueños : el reparto de los balcones de las casas capitulares</subfield>
   </datafield>
</record>
</metadata></record></GetRecord></OAI-PMH>